000 00874nam0a22002531 4500
001 rc\724981
005 20031121173013.4
035 _a(NLR Aleph) 005968208
090 _a6914725
_c6914725
100 _a20031121d1999 u |0rusy50 ca
101 0 _arus
102 _aRU
105 _ay |||||||||
200 1 _aНеукротимый Гермоген
_eИст. роман
_fВалерий Шамшурин
210 _aМ.
_cБ. и.
_d1999
215 _a80 с.
_d26
225 1 _aРоман-газета
_eНар. журн.
_fУчредитель: ЗАО "Роман-газ."
_v21 (1363)
300 _aНа тит. л.: Навстречу 2000-летию Христианства
700 1 _aШамшурин
_bВ. А.
_gВалерий Анатольевич
801 0 _aRU
_bNLR
_gpsbo
801 1 _aRU
_bELAR
_2rusmarc
852 _aNLR
_jП35/504
942 _cBOOK
980 _aNB